| 000 | 00397nam a2200169Ia 4500 | ||
|---|---|---|---|
| 008 | 230524s9999 xx 000 0 und d | ||
| 082 |
_a621.38 _bPAN |
||
| 100 | _aSujata Pandey | ||
| 245 | 0 | _aVLSI Technology | |
| 250 | _a1ST | ||
| 260 |
_aNEW DELHI _bDhanpat Rai _c2005 |
||
| 300 | _a7.39 | ||
| 500 | _aQuantity Number: 2 | ||
| 650 | _aElectronics | ||
| 700 | _a Manoj Pandey | ||
| 942 | _cBK | ||
| 999 |
_c26209 _d26209 |
||